00794nam a2200205 i 4500001000700000003000900007005001700016008004100033245024800074250001200322260003800334300002200372490002900394650001900423700002200442700002900464700004400493830002900537852002200566124266ES-MaACL20230906192346.0070214s1966 sp |||| | spa d00aReflexiones autocríticas sobre el catolicismo / cMagdalen Goffin ... [et al.] ; introducción de Michael de la Beyodere ; prólogo a la edición española de Monseñor Roberts S. J. ; versión castellana de José Antonio Balbontín. a1ª ed. aBarcelona : bNova Terra, c1966. a202 p. ; c19 cm.1 a1966, Tiempo de Concilio04aApologética.1 aGoffin, Magdalen.1 aDe la Bedoyere, Michael.1 aBalbontín, José Antonio,d1893-19770 a1966, Tiempo de Concilio aES-MaACLjC-31134